Investment opportunities in fisheries : Brunei Darussalam.
| Format: | Book |
|---|---|
| Published: |
[S.l]:
Ministry of Industry and Primary Resources,
[2006].
|
| Subjects: |
| LEADER | 00521cam a2200157 7i4500 | ||
|---|---|---|---|
| 001 | 0000018992 | ||
| 005 | 20070314090000.0 | ||
| 090 | 0 | 0 | |a BRUN 332.6 |b INV |
| 245 | 0 | 0 | |a Investment opportunities in fisheries : |b Brunei Darussalam. |
| 260 | 0 | 0 | |a [S.l]: |b Ministry of Industry and Primary Resources, |c [2006]. |
| 300 | # | # | |a 12 p.. |
| 650 | 0 | 0 | |a Investment |
| 650 | 0 | 0 | |a Fisheries -- |z Brunei Darussalam |
| 650 | 0 | 0 | |a Fish -- |z Brunei Darussalam |
| 651 | 0 | 0 | |a Brunei Darussalam |
| 999 | |a 0000019105 |b Book |c Countries |e Business Information Centre | ||